| 000 | 00704nam a22002293a 4500 | ||
|---|---|---|---|
| 005 | 20240911064332.0 | ||
| 008 | 011016s1998 mx fr 000 0 spa d | ||
| 020 | _a8427710623 | ||
| 035 | _aUPN01000114357 | ||
| 049 | _aCG | ||
| 050 | 4 |
_aQ175 _bF6.28 1998 |
|
| 100 | 1 | _aFourez, Gerard | |
| 245 | 1 | 3 |
_aLa construcción del conocimiento científico : _bsociología y ética de la ciencia / _cGérard Fourez ; tr. Tusta Aguilar... [et al.]. |
| 250 | _a2a ed. | ||
| 260 |
_aMadrid : _bNarcea, _c1998. |
||
| 300 | _a203 p. | ||
| 440 | 0 | _aEducación hoy | |
| 650 | 4 |
_aCiencia _xFilosofía _94696 |
|
| 650 | 4 |
_aCiencia _xMetodología _95804 |
|
| 650 | 2 |
_aCiencia _xAspectos sociales _99875 |
|
| 905 | _aLibro | ||
| 999 |
_c88265 _d88265 |
||